| Record ID | ia:loveinbluetime00kure |
| Source | Internet Archive |
| Download MARC XML | https://archive.org/download/loveinbluetime00kure/loveinbluetime00kure_marc.xml |
| Download MARC binary | https://www.archive.org/download/loveinbluetime00kure/loveinbluetime00kure_meta.mrc |
LEADER: 00492cam 2200181 a 4500
001 97019118
003 DLC
005 19980603063124.2
008 970501s1997 nyu 000 1 eng
010 $a 97019118
020 $a0684837943 :$c$22.00 ($30.00 Can.)
040 $aDLC$cDLC$dDLC
050 00 $aPR6061.U68$bL66 1997
082 00 $a823/.914$221
100 1 $aKureishi, Hanif.
245 10 $aLove in a blue time /$cHanif Kureishi.
260 $aNew York :$bScribner,$cc1997.
300 $a212 p. ;$c23 cm.